LEADER 00691nab a2200145 i 4500 001 000000274536 003 CaOOAMICUS 005 20110110000000.0 008 110110n xx uu u0 0und r 013 $a23125 040 $aSeMil$bita 245 13$aLa théologie morale au 20. siècle ; Lois sur l'immigration, un défi pour les chrétiens ; Prière mode d'emploi. - 64 p. - Titoli dalla copertina. 500 $aJANVIER 2011. 773 0 $t[2011 : N° 231-242].$dParis : Les Éditions du Cerf, 2011.$w()196144 996 $6245$aLa théologie morale au 20. siècle ; Lois sur l'immigration, un défi pour les chrétiens ; Prière mode d'emploi. - 64 p. - Titoli dalla copertina.$9(OLS)http://semarc/title/361052 LEADER 00997nam a2200205 i 4500 001 000000063046 003 CaOOAMICUS 005 20130417000000.0 008 130417s1955 xx u000 u fre u 013 $a34218 040 $aSeMil$bita 100 1 $aLeenhardt, Franz Jehan,$d<1902-1990>.$0(OLS)http://semarc/name/31882 245 10$aCeci est mon corps :$bexplication de ces paroles de Jésus-Christ /$cF.-J. Leenhardt Docteur en théologie, Professeur à la faculté autonome de théologie de l'Université de Genève. 260 $aNeuchatel ; Paris :$bDelachaux et Niestlé,$ccopyr. 1955. 300 $a73 p. ;$c24 cm. 650 4$aEucaristia.$0(OLS)http://semarc/subject/3487 850 $aSeMil 852 $aSeMil$W1$xVenegono$y1$m2M III 284$j29199$B29199$CSeMilBibl$Z2$F29202 $81 996 $6245$aCeci est mon corps :$bexplication de ces paroles de Jésus-Christ$9(OLS)http://semarc/title/99363 996 $6260$aNeuchatel ; Paris :$bDelachaux et Niestlé$9(OLS)http://semarc/publisher/29822